| 000 | 00839nam a2200229 i 4500 | ||
|---|---|---|---|
| 001 | 20991 | ||
| 003 | ES-MaACL | ||
| 005 | 20251212063014.0 | ||
| 007 | t| | ||
| 008 | 021120s1973 sp ||||1| spa d | ||
| 100 |
_9242618 _aAlarcos Llorach, Emilio |
||
| 110 | 1 |
_a _9242595 |
|
| 245 | 1 | 0 |
_aAnatomía de "La lucha por la vida" _b: discurso leido el día 25 de noviembre de 1973 en su recepción pública / _cpor... Emilio Alarcos Llorach y contestación de... Alonso Zamora Vicente. |
| 260 |
_aMadrid : _bReal Academia Española, _c1973. |
||
| 300 |
_a149 p. ; _c24 cm. |
||
| 600 | 1 | 4 |
_aBaroja, Pío, _d1872-1956- _xCrítica e interpretación _925756 |
| 700 | 1 |
_aZamora Vicente, Alonso. _9117952 |
|
| 852 |
_aES-MaACL _jC-55593 _bR.88292 |
||
| 852 |
_aES-MaACL _jC-55594 _bR.88153 |
||
| 942 | _2udc | ||
| 999 |
_c20991 _d20991 |
||